[Event "21st ch-EUR Indiv 2021"]
[Site "Reykjavik ISL"]
[Date "2021.09.03"]
[Round "9.12"]
[White "Nguyen, Thai Dai Van"]
[Black "Vocaturo, Daniele"]
[Result "0-1"]
[WhiteTitle "GM"]
[BlackTitle "GM"]
[WhiteElo "2588"]
[BlackElo "2630"]
[WhiteFideId "358878"]
[BlackFideId "813192"]
[EventDate "2021.08.26"]

1. d4 Nf6 2. c4 e6 3. Nc3 Bb4 4. e3 b6 5. Ne2 Ne4 6. Bd2 Nxd2 7. Qxd2 Bb7 8. a3
Be7 9. d5 O-O 10. g3 Na6 11. Rd1 c5 12. Bg2 d6 13. O-O e5 14. f4 Bf6 15. Ne4 Bc8
16. N2c3 exf4 17. Nxf6+ Qxf6 18. gxf4 Bg4 19. Rde1 Nc7 20. Ne4 Qg6 21. Kh1 Rae8
22. Nf2 f5 23. Rg1 Qh5 24. h3 Bf3 25. Kh2 Re7 26. Nh1 Bxg2 27. Rxg2 Ne8 28. Rg5
Qh4 29. Qf2 Qxf2+ 30. Nxf2 g6 31. b4 Nf6 32. bxc5 bxc5 33. Rg2 Rb8 34. e4 Nh5
35. Rgg1 Rb2 36. Rgf1 Nxf4 37. Kg3 Rxf2 38. Rxf2 Nd3 0-1

[Event "21st ch-EUR Indiv 2021"]
[Site "Reykjavik ISL"]
[Date "2021.09.03"]
[Round "9.13"]
[White "Nagy, Gabor1"]
[Black "Hovhannisyan, Robert"]
[Result "1/2-1/2"]
[WhiteTitle "GM"]
[BlackTitle "GM"]
[WhiteElo "2518"]
[BlackElo "2626"]
[WhiteFideId "737119"]
[BlackFideId "13302507"]
[EventDate "2021.08.26"]

1. d4 d5 2. c4 c6 3. Nf3 Nf6 4. Nc3 e6 5. e3 Nbd7 6. Qc2 Bd6 7. Bd3 O-O 8. O-O
dxc4 9. Bxc4 b5 10. Bd3 Bb7 11. Ng5 h6 12. Nge4 Bb8 13. a4 b4 14. Nxf6+ Nxf6 15.
Ne4 Nxe4 16. Bxe4 Bd6 17. b3 Qc7 18. g3 c5 19. dxc5 Bxe4 1/2-1/2

[Event "21st ch-EUR Indiv 2021"]
[Site "Reykjavik ISL"]
[Date "2021.09.03"]
[Round "9.14"]
[White "Lupulescu, Constantin"]
[Black "Kacharava, Nikolozi"]
[Result "1/2-1/2"]
[WhiteTitle "GM"]
[BlackTitle "IM"]
[WhiteElo "2659"]
[BlackElo "2453"]
[WhiteFideId "1207822"]
[BlackFideId "13611860"]
[EventDate "2021.08.26"]

1. c4 c6 2. Nf3 d5 3. e3 Nf6 4. Qc2 e6 5. b3 b6 6. Bb2 Bb7 7. d4 Nbd7 8. Bd3 c5
9. Nbd2 Rc8 10. O-O Be7 11. Rfe1 cxd4 12. exd4 Qc7 13. Rac1 Qf4 14. h3 h5 15.
Qd1 O-O 16. Qe2 Bb4 17. Red1 Ne4 18. Nf1 Ng5 19. Nxg5 Qxg5 20. cxd5 Bxd5 21. Ne3
Nf6 22. Nxd5 Nxd5 23. Qf3 Bd6 24. Be4 g6 25. Rc4 Qf4 26. Qxf4 Bxf4 27. g3 Bg5
28. h4 Bf6 29. Rdc1 Rcd8 30. Kf1 Rd7 31. Ke2 Rfd8 32. Rc8 Kg7 33. Rxd8 Rxd8 34.
Bxd5 Rxd5 35. Rc7 a5 36. Rb7 a4 37. Rxb6 1/2-1/2

[Event "21st ch-EUR Indiv 2021"]
[Site "Reykjavik ISL"]
[Date "2021.09.03"]
[Round "9.15"]
[White "Paichadze, Luka"]
[Black "Donchenko, Alexander"]
[Result "1/2-1/2"]
[WhiteTitle "GM"]
[BlackTitle "GM"]
[WhiteElo "2564"]
[BlackElo "2657"]
[WhiteFideId "13602934"]
[BlackFideId "24603295"]
[EventDate "2021.08.26"]

1. e4 c5 2. Nc3 d6 3. d4 cxd4 4. Qxd4 Nc6 5. Qd2 g6 6. b3 Bh6 7. f4 Nf6 8. Bb2
O-O 9. O-O-O e5 10. g3 Re8 11. Kb1 Nd4 12. Nge2 Bg4 13. Nxd4 exd4 14. Qxd4 Bg7
15. Rc1 Nxe4 16. Qxg7+ Kxg7 17. Nxe4+ Kf8 18. Nf6 Bf3 19. Rg1 h5 20. Nh7+ Kg8
21. Nf6+ Kf8 22. Nh7+ Kg8 23. Nf6+ Kf8 1/2-1/2

[Event "21st ch-EUR Indiv 2021"]
[Site "Reykjavik ISL"]
[Date "2021.09.03"]
[Round "9.16"]
[White "Sebenik, Matej"]
[Black "Martirosyan, Haik M."]
[Result "1/2-1/2"]
[WhiteTitle "GM"]
[BlackTitle "GM"]
[WhiteElo "2492"]
[BlackElo "2632"]
[WhiteFideId "14602296"]
[BlackFideId "13306553"]
[EventDate "2021.08.26"]

1. d4 Nf6 2. c4 e6 3. Nf3 b6 4. g3 Ba6 5. Qa4 Bb7 6. Bg2 c5 7. dxc5 bxc5 8. O-O
Be7 9. Nc3 O-O 10. Rd1 Qb6 11. Bf4 Rd8 12. Rd2 Nc6 13. Qb5 Na5 14. Rad1 Qxb5 15.
cxb5 Rac8 16. e4 h6 17. h4 Kf8 18. Ne1 Nc4 19. e5 Nd5 20. Nxd5 Bxd5 21. Rc2 Nb6
22. b3 f6 23. Nd3 Bxg2 24. Kxg2 fxe5 25. Nxe5 Nd5 26. Bd2 Bf6 27. Nc4 Nb4 28.
Bxb4 cxb4 29. Re2 Rb8 30. Nd6 Rb6 31. Re4 Ke7 32. Nf5+ Kf7 33. Nd6+ Ke7 34. Nf5+
Kf8 35. Nd6 Ke7 1/2-1/2

[Event "21st ch-EUR Indiv 2021"]
[Site "Reykjavik ISL"]
[Date "2021.09.03"]
[Round "9.17"]
[White "Sanal, Vahap"]
[Black "Ter-Sahakyan, Samvel"]
[Result "1-0"]
[WhiteTitle "GM"]
[BlackTitle "GM"]
[WhiteElo "2557"]
[BlackElo "2624"]
[WhiteFideId "6300545"]
[BlackFideId "13302531"]
[EventDate "2021.08.26"]

1. e4 c5 2. Nf3 d6 3. Bb5+ Nd7 4. c3 Nf6 5. Qe2 a6 6. Ba4 b5 7. Bc2 e5 8. d4 Be7
9. O-O O-O 10. d5 Nb6 11. b3 Bd7 12. c4 Qc7 13. Nc3 b4 14. Nd1 a5 15. Ne1 a4 16.
Rb1 axb3 17. axb3 Ra2 18. Bb2 Bg4 19. f3 Bc8 20. g3 Re8 21. Rc1 Bf8 22. Bb1 Ra7
23. Ne3 Qd8 24. Nd3 g6 25. Rce1 Bg7 26. g4 Nbd7 27. h4 h5 28. Qg2 Nf8 29. Rf2
Rae7 30. Nc1 hxg4 31. fxg4 Qd7 32. Nf5 gxf5 33. exf5 N8h7 34. Ne2 Kh8 35. g5 Rg8
36. Kh1 Qd8 37. gxf6 Bxf6 38. Qf3 Ree8 39. Qh5 e4 40. Bc1 Re5 41. Ref1 Bd7 42.
Rf4 e3 43. R4f3 Rg7 44. Rh3 Qg8 45. Bb2 Rg2 46. Qf3 Rf2 47. Rxf2 exf2 48. Bxe5
Bxe5 49. Qxf2 Nf6 50. Qg1 Ng4 51. Rf3 Qg7 52. Qg2 Bc8 53. Nf4 Nf6 54. Qg5 Bd7
55. Rf2 Nh7 56. Qd8+ Nf8 57. Ne6 1-0

[Event "21st ch-EUR Indiv 2021"]
[Site "Reykjavik ISL"]
[Date "2021.09.03"]
[Round "9.18"]
[White "Gretarsson, Helgi Ass"]
[Black "Gajewski, Grzegorz"]
[Result "1-0"]
[WhiteTitle "GM"]
[BlackTitle "GM"]
[WhiteElo "2447"]
[BlackElo "2617"]
[WhiteFideId "2300699"]
[BlackFideId "1116207"]
[EventDate "2021.08.26"]

1. c4 e5 2. Nc3 Nf6 3. Nf3 Nc6 4. e3 Bb4 5. Qc2 O-O 6. Nd5 Re8 7. Qf5 d6 8.
Nxf6+ gxf6 9. Qh5 d5 10. a3 Bf8 11. cxd5 Qxd5 12. d3 Be6 13. Bd2 Rad8 14. Bc3 b5
15. Be2 a5 16. Nd2 b4 17. Ne4 Bg7 18. axb4 axb4 19. Bd2 f5 20. Ng5 h6 21. Nxe6
Qxe6 22. O-O e4 23. d4 f4 24. Rac1 Rd5 25. Qh4 Qd6 26. Bc4 Rf5 27. Qg4 Qf6 28.
Bxf7+ Qxf7 29. Rxc6 h5 30. Qh3 f3 31. Rxc7 Qg6 32. Rc6 Qf7 33. Rc7 Qg6 34. Bxb4
fxg2 35. Rfc1 Re6 36. Be7 Rf3 37. Qxg2 Qf5 38. R1c5 Qf7 39. Bh4 Qf8 40. Qg5 Re8 1-0

[Event "21st ch-EUR Indiv 2021"]
[Site "Reykjavik ISL"]
[Date "2021.09.03"]
[Round "9.19"]
[White "Svane, Rasmus"]
[Black "Hillarp Persson, Tiger"]
[Result "1-0"]
[WhiteTitle "GM"]
[BlackTitle "GM"]
[WhiteElo "2615"]
[BlackElo "2543"]
[WhiteFideId "4657101"]
[BlackFideId "1700812"]
[EventDate "2021.08.26"]

1. d4 Nf6 2. c4 e6 3. Nf3 d5 4. g3 Be7 5. Bg2 O-O 6. O-O dxc4 7. Qc2 b5 8. a4 b4
9. Nfd2 Nd5 10. Nxc4 c5 11. dxc5 Ba6 12. Ne3 Nd7 13. Nxd5 exd5 14. c6 Rc8 15.
Bf4 Nc5 16. Rd1 d4 17. h4 Re8 18. Bf3 Bf8 19. Nd2 Bxe2 20. Bxe2 Rxe2 21. Qc4 d3
22. c7 Qe8 23. b3 h6 24. Rac1 Qd7 25. Nf3 Re4 26. Qb5 Qf5 27. Rxc5 Bxc5 28. Rxd3
Rxf4 29. gxf4 Rxc7 30. Rd8+ Kh7 31. Qd3 Qxd3 32. Rxd3 Be7 33. Kg2 Kg6 34. Rd5
Kf6 35. Nd4 Bc5 36. Nf5 h5 37. Ng3 Ke6 38. Re5+ Kd7 1-0

[Event "21st ch-EUR Indiv 2021"]
[Site "Reykjavik ISL"]
[Date "2021.09.03"]
[Round "9.20"]
[White "Juksta, Karolis"]
[Black "Antipov, Mikhail Al."]
[Result "0-1"]
[WhiteTitle "FM"]
[BlackTitle "GM"]
[WhiteElo "2438"]
[BlackElo "2607"]
[WhiteFideId "12809039"]
[BlackFideId "4107012"]
[EventDate "2021.08.26"]

1. d4 Nf6 2. c4 e6 3. Nc3 Bb4 4. g3 O-O 5. Bg2 d5 6. Nf3 dxc4 7. O-O Nc6 8. Qa4
Nd5 9. Qc2 Be7 10. Rd1 Rb8 11. e4 Ncb4 12. Qd2 Nxc3 13. Qxc3 b5 14. b3 Bb7 15.
a3 Nd3 16. bxc4 Nxc1 17. Raxc1 Bxe4 18. Ne5 Bxg2 19. Kxg2 bxc4 20. Qxc4 Bxa3 21.
Rc3 Rb4 22. Qxc7 Qd5+ 23. Kg1 Rb7 24. Qc6 Bb4 25. Qxd5 exd5 26. Rb3 Rc8 27. Ra1
Rc3 28. Rbb1 f6 29. Ng4 Rcc7 30. Ne3 Bc3 31. Rxb7 Rxb7 32. Ra4 Rb1+ 33. Kg2 Ra1
34. Rxa1 Bxa1 35. Nc2 Bb2 36. Kf3 Kf7 37. Ke3 a5 38. Kd3 Ke6 39. Ne3 g6 40. f3
Kd6 41. h4 Kc6 42. g4 a4 0-1

[Event "21st ch-EUR Indiv 2021"]
[Site "Reykjavik ISL"]
[Date "2021.09.03"]
[Round "9.21"]
[White "Parligras, Mircea-Emilian"]
[Black "Bjerre, Jonas Buhl"]
[Result "0-1"]
[WhiteTitle "GM"]
[BlackTitle "GM"]
[WhiteElo "2591"]
[BlackElo "2550"]
[WhiteFideId "1204297"]
[BlackFideId "1444948"]
[EventDate "2021.08.26"]

1. Nf3 c5 2. c4 Nc6 3. Nc3 g6 4. e3 Nf6 5. d4 cxd4 6. exd4 d5 7. cxd5 Nxd5 8.
Qb3 Nxc3 9. Bc4 e6 10. bxc3 Bd7 11. Be2 Na5 12. Qb1 Bg7 13. Ba3 Bf8 14. Qc1 Bxa3
15. Qxa3 b6 16. h4 h5 17. O-O Qe7 18. Qc1 Rc8 19. Qf4 O-O 20. Rac1 Kg7 21. Ng5
Bc6 22. c4 Rfd8 23. Rfd1 Qf6 24. Qe3 Bb7 25. Qg3 Nc6 26. d5 exd5 27. cxd5 Nd4
28. Bd3 Bxd5 29. Rc7 Rxc7 30. Qxc7 Ne6 31. Qg3 Bc4 32. Bc2 Rxd1+ 33. Bxd1 Nxg5
34. hxg5 Qa1 35. Qd6 Bxa2 36. Kh2 Be6 37. f4 Qc3 38. Bf3 b5 39. Be4 h4 40. Bd3
b4 41. Kg1 b3 0-1

[Event "21st ch-EUR Indiv 2021"]
[Site "Reykjavik ISL"]
[Date "2021.09.03"]
[Round "9.22"]
[White "Sivuk, Vitaly"]
[Black "Horvath, Dominik"]
[Result "0-1"]
[WhiteTitle "GM"]
[BlackTitle "IM"]
[WhiteElo "2589"]
[BlackElo "2455"]
[WhiteFideId "14116502"]
[BlackFideId "1642561"]
[EventDate "2021.08.26"]

1. d4 Nf6 2. c4 e6 3. Nf3 d5 4. Nc3 Bb4 5. Qa4+ Nc6 6. a3 Bxc3+ 7. bxc3 Ne4 8.
e3 Nxc3 9. Qc2 Ne4 10. Bd3 O-O 11. O-O Na5 12. cxd5 exd5 13. Bxe4 dxe4 14. Qxe4
Re8 15. Qf4 Qd5 16. Re1 Bf5 17. Nd2 Bg6 18. Bb2 Nb3 19. Nxb3 Qxb3 20. Re2 Re6
21. Rae1 c6 22. f3 Rf6 23. Qg3 Bd3 24. Rd2 Rg6 25. Qf2 f5 26. Qh4 Re8 27. Qf4
Bc4 28. Kf2 Rge6 29. d5 Bxd5 30. Bd4 b6 31. Qxf5 Qxa3 32. e4 Bxe4 33. Qg5 Qf8
34. Rde2 Bd5 35. Be5 a5 36. h4 a4 37. h5 h6 38. Qg4 a3 39. Bd4 Rxe2+ 40. Rxe2
Rxe2+ 41. Kxe2 b5 0-1

[Event "21st ch-EUR Indiv 2021"]
[Site "Reykjavik ISL"]
[Date "2021.09.03"]
[Round "9.23"]
[White "Thybo, Jesper Sondergaard"]
[Black "Subelj, Jan"]
[Result "1/2-1/2"]
[WhiteTitle "GM"]
[BlackTitle "IM"]
[WhiteElo "2587"]
[BlackElo "2412"]
[WhiteFideId "1438832"]
[BlackFideId "14618583"]
[EventDate "2021.08.26"]

1. Nf3 Nf6 2. g3 b5 3. e3 a6 4. b3 Bb7 5. c4 b4 6. Bb2 e6 7. d4 c5 8. Bg2 cxd4
9. exd4 d5 10. Ne5 Qc7 11. c5 Nc6 12. Nxc6 Bxc6 13. O-O g6 14. Bc1 Bg7 15. Bf4
Qb7 16. Be5 O-O 17. Nd2 a5 18. Qf3 Ne4 19. Nxe4 dxe4 20. Qf4 Bxe5 21. Qxe5 Rad8
22. Qf6 Rfe8 23. Rfe1 e5 24. dxe5 Rd5 25. Rad1 Rdxe5 26. Rd8 Rxc5 27. Bxe4 Qc7
28. Rxe8+ Bxe8 29. Bxg6 Qc6 30. Qd8 Rc1 31. Bxh7+ Kg7 32. Bg6 Rc5 33. Qf6+ Kg8
34. Qe7 1/2-1/2

[Event "21st ch-EUR Indiv 2021"]
[Site "Reykjavik ISL"]
[Date "2021.09.03"]
[Round "9.24"]
[White "Can, Emre"]
[Black "Aizenberg, Benny"]
[Result "1-0"]
[WhiteTitle "GM"]
[BlackTitle "FM"]
[WhiteElo "2569"]
[BlackElo "2309"]
[WhiteFideId "6302181"]
[BlackFideId "2821125"]
[EventDate "2021.08.26"]

1. d4 Nf6 2. c4 g6 3. Nc3 d5 4. Nf3 Bg7 5. cxd5 Nxd5 6. e4 Nxc3 7. bxc3 c5 8.
Bb5+ Nc6 9. d5 Qa5 10. Rb1 a6 11. Ba4 b5 12. dxc6 Bxc3+ 13. Bd2 Bxd2+ 14. Nxd2
bxa4 15. Qc1 O-O 16. O-O Be6 17. Nf3 Rac8 18. Rb7 Rc7 19. Qh6 f6 20. h4 Bg4 21.
Qf4 Bxf3 22. Qxc7 Qxc7 23. Rxc7 Bxe4 24. Re1 Bd5 25. Rexe7 Rb8 26. Rxh7 Bxc6 27.
Rhg7+ Kh8 28. Rxg6 Bd5 29. Rxc5 Kh7 30. Rg4 f5 31. Rxa4 Be4 32. f3 Bd3 33. Rd4
Rb1+ 34. Kh2 Bb5 35. Rc7+ 1-0

[Event "21st ch-EUR Indiv 2021"]
[Site "Reykjavik ISL"]
[Date "2021.09.03"]
[Round "9.26"]
[White "Blohberger, Felix"]
[Black "Jones, Gawain C B"]
[Result "1-0"]
[WhiteTitle "IM"]
[BlackTitle "GM"]
[WhiteElo "2502"]
[BlackElo "2684"]
[WhiteFideId "1632051"]
[BlackFideId "409561"]
[EventDate "2021.08.26"]

1. e4 e5 2. Nf3 Nc6 3. Bb5 a6 4. Ba4 Nf6 5. O-O d6 6. Re1 Bd7 7. c4 Be7 8. d4 b5
9. cxb5 Nxd4 10. Nxd4 exd4 11. bxa6 c5 12. b4 Rxa6 13. Bxd7+ Nxd7 14. b5 Ra5 15.
a4 Qa8 16. Ra3 Nb6 17. e5 d5 18. e6 f5 19. Qh5+ g6 20. Qh6 Kd8 21. Qg7 Re8 22.
Rh3 Rxa4 23. Rxh7 Nc4 24. Bg5 Ra7 25. Bf4 Qb7 26. Qxg6 Qxb5 27. Qxf5 Qc6 28. h4
Rb7 29. h5 Nd6 30. Qe5 Ne4 31. Rh8 Bf6 32. Rxe8+ Kxe8 33. Qf5 Re7 34. Rxe4 dxe4
35. Qg6+ Kd8 36. Qxf6 Qa4 37. Bg5 Qd1+ 38. Kh2 Qxh5+ 39. Kg3 Qe8 40. Kf4 1-0

[Event "21st ch-EUR Indiv 2021"]
[Site "Reykjavik ISL"]
[Date "2021.09.03"]
[Round "9.27"]
[White "Bluebaum, Matthias"]
[Black "Kobo, Ori"]
[Result "1-0"]
[WhiteTitle "GM"]
[BlackTitle "GM"]
[WhiteElo "2674"]
[BlackElo "2490"]
[WhiteFideId "24651516"]
[BlackFideId "2812320"]
[EventDate "2021.08.26"]

1. Nf3 Nf6 2. d4 g6 3. Nc3 d5 4. Bf4 Bg7 5. e3 O-O 6. Nb5 Na6 7. h3 c6 8. Nc3
Nc7 9. Be2 Re8 10. O-O Nd7 11. e4 dxe4 12. Nxe4 Nf6 13. Nc5 b6 14. Nb3 Ne6 15.
Bh2 Bh6 16. Ne5 Bb7 17. Bc4 Nd5 18. Re1 Bf4 19. Bxf4 Nexf4 20. Qf3 Rf8 21. Bxd5
Nxd5 22. c4 Nf6 23. Nxc6 Bxc6 24. Qxc6 Rc8 25. Qb5 e6 26. Rac1 Ne8 27. Qe5 Nd6
28. Nd2 Nf5 29. Nf3 Qd7 30. b3 Rfd8 31. Rcd1 Qb7 32. Ng5 Qc7 33. Qf6 Rd7 34. g4
Ng7 35. Ne4 Ne8 36. Qf3 Rcd8 37. Qe3 a6 38. Rd3 b5 39. Nc5 Rd6 40. Red1 Rc6 41.
cxb5 axb5 42. Ne4 Qa7 43. d5 Qxe3 44. fxe3 exd5 45. Rxd5 Rxd5 46. Rxd5 Re6 47.
Ng5 Rxe3 48. Rxb5 f6 49. Kf2 Rc3 50. Rb8 Kf8 51. Ne4 Rc2+ 52. Ke3 Ke7 53. Rb7+
Ke6 54. a4 f5 55. Rb6+ Kd7 56. gxf5 gxf5 57. Nf2 Nc7 58. Rh6 Rc3+ 59. Nd3 Rxb3
60. Kd4 Rb1 61. Ke5 Rd1 62. Rxh7+ Kd8 63. Nb4 f4 64. Nc6+ Ke8 65. Rxc7 f3 66.
Ke6 Re1+ 67. Ne5 1-0

[Event "21st ch-EUR Indiv 2021"]
[Site "Reykjavik ISL"]
[Date "2021.09.03"]
[Round "9.28"]
[White "Abasov, Nijat"]
[Black "Maurizzi, Marc Andria"]
[Result "1/2-1/2"]
[WhiteTitle "GM"]
[BlackTitle "IM"]
[WhiteElo "2656"]
[BlackElo "2488"]
[WhiteFideId "13402960"]
[BlackFideId "36083534"]
[EventDate "2021.08.26"]

1. d4 d5 2. Nf3 Nf6 3. Bf4 c5 4. e3 Nc6 5. Nbd2 Qb6 6. dxc5 Qxb2 7. Rb1 Qc3 8.
Bb5 e6 9. O-O Be7 10. e4 Qxc5 11. Be3 Qa3 12. Ne5 O-O 13. Nxc6 bxc6 14. Bxc6 Ba6
15. e5 Ne4 16. Nxe4 dxe4 17. Bxa8 Bxf1 18. Qxf1 Rxa8 19. Qc4 Qa5 20. Qxe4 Rd8
21. a4 h6 22. h3 Bc5 23. Bxc5 Qxc5 24. Rb7 Qd4 25. Qxd4 Rxd4 26. Rxa7 Rc4 27. a5
Rxc2 28. f4 h5 29. a6 Ra2 30. g3 Kh7 31. Ra8 Ra3 32. Kf2 Ra2+ 33. Ke1 Ra3 34. a7
g6 35. Kd2 Kg7 36. Kc2 Ra6 37. Kc3 Ra1 38. Kc4 Rc1+ 39. Kb5 Rb1+ 40. Kc6 Rc1+
41. Kd6 Rd1+ 42. Ke7 Ra1 43. g4 hxg4 44. hxg4 Ra4 1/2-1/2

[Event "21st ch-EUR Indiv 2021"]
[Site "Reykjavik ISL"]
[Date "2021.09.03"]
[Round "9.29"]
[White "Banusz, Tamas"]
[Black "Gavrilescu, David"]
[Result "1-0"]
[WhiteTitle "GM"]
[BlackTitle "IM"]
[WhiteElo "2631"]
[BlackElo "2477"]
[WhiteFideId "722413"]
[BlackFideId "1227190"]
[EventDate "2021.08.26"]

1. d4 d5 2. Nf3 Nf6 3. Bf4 c5 4. e3 Nc6 5. Nbd2 cxd4 6. exd4 Bf5 7. Bb5 Rc8 8.
Ne5 Qb6 9. Bxc6+ bxc6 10. Nb3 h6 11. O-O e6 12. c4 Be7 13. c5 Qa6 14. Qd2 Bd8
15. f3 O-O 16. g4 Bh7 17. g5 Nh5 18. gxh6 Nxf4 19. Qxf4 g5 20. Qg3 f6 21. f4
fxe5 22. fxg5 Rxf1+ 23. Rxf1 Qd3 24. Qxe5 Qg6 25. h4 Be7 26. Rf6 Bxf6 27. Qxe6+
Kf8 28. Qxc8+ Kf7 29. Qc7+ Be7 30. Qf4+ Ke8 31. Nd2 Qh5 32. Kf2 Qd1 33. b4 Bd3
34. Qe3 Bf5 35. Nf3 Be4 36. Kg3 Qh1 37. Qf2 Bf5 38. Qg2 Qd1 39. Qd2 Qh1 40. Qf4
Qh3+ 41. Kf2 Be4 42. Qb8+ Bd8 43. Qg3 Qh1 44. Nd2 Bg6 45. Qg4 Qh2+ 46. Ke3 Ke7
47. Qf4 Qh3+ 48. Nf3 Be4 49. h7 Bxh7 50. Qf6+ 1-0

[Event "21st ch-EUR Indiv 2021"]
[Site "Reykjavik ISL"]
[Date "2021.09.03"]
[Round "9.30"]
[White "Paravyan, David"]
[Black "Petenyi, Tamas"]
[Result "1-0"]
[WhiteTitle "GM"]
[BlackTitle "IM"]
[WhiteElo "2631"]
[BlackElo "2463"]
[WhiteFideId "4194985"]
[BlackFideId "14909090"]
[EventDate "2021.08.26"]

1. d4 g6 2. e4 Bg7 3. c4 e6 4. Nc3 Ne7 5. f4 d5 6. cxd5 exd5 7. e5 O-O 8. Nf3 f6
9. Be2 fxe5 10. dxe5 c5 11. Nb5 Nf5 12. g4 Nh4 13. O-O Bxg4 14. Nxh4 Bxe2 15.
Qxe2 Qxh4 16. Nc7 Nc6 17. Nxa8 Rxa8 18. Qg2 Rd8 19. Kh1 Qh5 20. f5 Bxe5 21. Bf4
Bxf4 22. Rxf4 g5 23. Re1 h6 24. f6 Kf7 25. Rff1 Qh4 26. Qc2 Rh8 27. Qf5 Qc4 28.
Qd7+ Kg6 29. Qg7+ Kh5 30. Qxh8 d4 31. Qe8+ 1-0

[Event "21st ch-EUR Indiv 2021"]
[Site "Reykjavik ISL"]
[Date "2021.09.03"]
[Round "9.31"]
[White "Vogel, Roven"]
[Black "Bartel, Mateusz"]
[Result "1/2-1/2"]
[WhiteTitle "IM"]
[BlackTitle "GM"]
[WhiteElo "2441"]
[BlackElo "2611"]
[WhiteFideId "12908088"]
[BlackFideId "1112635"]
[EventDate "2021.08.26"]

1. Nf3 g6 2. d4 Bg7 3. g3 c5 4. d5 b5 5. Bg2 d6 6. O-O Nf6 7. Re1 O-O 8. e4 Bg4
9. Nbd2 Nbd7 10. h3 Bxf3 11. Nxf3 Ne8 12. c3 Rb8 13. h4 h5 14. Bf4 b4 15. e5
bxc3 16. bxc3 dxe5 17. Nxe5 Nxe5 18. Bxe5 Bxe5 19. Rxe5 Nf6 20. Qc2 Rb6 21. Rae1
Re8 22. Qa4 Qb8 23. Bf3 Rb1 24. Kg2 Rxe1 25. Rxe1 Kf8 26. Re2 Rd8 27. c4 Rd6 28.
Qa3 Qc7 29. Qe3 Ng8 30. Qf4 Qd8 31. Qe3 Qc8 32. Be4 Rb6 33. a3 Qc7 34. Bf3 Qd6
35. Be4 Kg7 36. Bf3 Rb7 37. Qc3+ Nf6 38. Qa5 Kf8 39. Qc3 Kg8 40. Qa5 Ne8 41. Qc3
Rc7 42. Rb2 Qd8 43. Be2 Qc8 44. Bd3 Nd6 45. Re2 Rb7 46. Re3 Qg4 47. Rf3 Qd7 48.
Bc2 Qd8 49. Re3 Qb6 50. Bd3 Qd8 51. Re2 Qf8 52. Qa5 Qc8 53. Qc3 Qg4 54. Rb2 Qd4
55. Qxd4 cxd4 56. Rb4 Rc7 57. Ra4 Kf8 58. Kf3 Ke8 59. Kf4 a5 60. Rxa5 Nxc4 61.
Ra8+ Kd7 62. Ke4 Nd6+ 63. Kxd4 Rb7 64. a4 Rb2 65. Ra7+ Kd8 66. Ke3 Nc8 67. Ra6
Nb6 68. Kd4 Nc8 69. Ke3 Nb6 70. Kd4 Nc8 71. Ke3 1/2-1/2

[Event "21st ch-EUR Indiv 2021"]
[Site "Reykjavik ISL"]
[Date "2021.09.03"]
[Round "9.36"]
[White "Kanyamarala, Tarun"]
[Black "Plat, Vojtech"]
[Result "0-1"]
[WhiteTitle "FM"]
[BlackTitle "GM"]
[WhiteElo "2369"]
[BlackElo "2531"]
[WhiteFideId "45004714"]
[BlackFideId "325740"]
[EventDate "2021.08.26"]

1. d4 d6 2. e4 Nf6 3. Nc3 e5 4. Nge2 exd4 5. Nxd4 Be7 6. g3 O-O 7. Bg2 Re8 8.
O-O Nbd7 9. h3 Bf8 10. Re1 a5 11. a4 Nc5 12. Bf4 c6 13. Qd2 Qb6 14. b3 Qb4 15.
Rad1 Bd7 16. g4 Rad8 17. Re3 Ne6 18. Nxe6 Bxe6 19. Rd3 Rd7 20. Rd4 Qc5 21. Be3
Qa3 22. Nb1 Qb2 23. Rd3 c5 24. c4 Qxd2 25. R1xd2 Rc8 26. Nc3 Ne8 27. Nb5 f6 28.
Bf4 Rcd8 29. Bg3 Nc7 30. Nc3 Na6 31. f4 Nb4 32. Re3 Bf7 33. Re1 g5 34. Red1 gxf4
35. Bxf4 Nc6 36. Nb5 Ne5 37. Rf2 Be6 38. Kh1 Be7 39. Bg3 Kg7 40. Nc3 Rh8 41. Ne2
h5 42. gxh5 Bf7 43. Nf4 Bxh5 44. Rg1 Bf7 45. Bf1 Kf8 46. Bh2 Rd8 47. Be2 Ke8 48.
Bg4 Nxg4 49. Rxg4 Rh7 50. Rfg2 Bf8 51. R2g3 Rd7 52. Kg2 Re7 53. Kf3 Re5 54. Nd5
Bxd5 55. exd5 f5 56. Rf4 Kf7 57. Kg2 Be7 58. Rf1 Re2+ 59. Kh1 Rh5 60. Rgf3 Ke8
61. Bg1 Rh7 62. Bf2 Kd7 63. Kg2 Rb2 64. Kh1 Bf6 65. Rxf5 Rxh3+ 66. Kg2 Rh6 67.
Rf3 Be5 68. Rh1 Rg6+ 69. Kh3 Kc7 70. Re1 Kb6 71. Re4 Rh6+ 72. Kg4 Rh1 73. Bg3
Rg2 74. Ree3 Rh8 75. Rd3 Rg1 76. Kf5 Rf8+ 77. Kg4 Rg8+ 78. Kh3 Bd4 79. Rf5 Ka7
80. Rff3 Rg6 81. Rf4 Be5 82. Rff3 Rh6+ 83. Kg4 Rh8 84. Kf5 Rf8+ 85. Kg4 Rg8+ 86.
Kh3 Bd4 87. Rf4 Kb6 88. Rff3 Rg7 89. Rf4 Kc7 90. Rdf3 Rh7+ 91. Kg4 Kd8 92. Kf5
Kd7 93. Ke4 Re7+ 94. Kd3 Be5 95. Rg4 Rg2 96. Re3 Rf7 97. Ke4 Bd4 98. Rf3 Re2+
99. Kd3 Rxf3+ 100. Kxe2 Rxb3 101. Rg6 Be5 102. Bxe5 dxe5 103. Rg7+ Kd6 104. Rg6+
Kc7 105. Kd2 Rb4 106. Kd3 e4+ 107. Kxe4 Rxc4+ 108. Ke5 Rxa4 109. Rg7+ Kb6 110.
Rg6+ Kb5 111. Rg7 b6 112. d6 Rd4 113. Ke6 a4 114. Ra7 c4 115. d7 c3 116. Ra8 Kb4
117. Ra6 Rxd7 118. Kxd7 b5 0-1